| 000 | 00837nam a2200241 a 4500 | ||
|---|---|---|---|
| 001 | BRCA_4019 | ||
| 005 | 20190320204520.0 | ||
| 008 | 250110s2009----mx-a######---#000-0#spa-# | ||
| 020 | _a9786077622222 | ||
| 041 | _aspa | ||
| 044 | _amx | ||
| 050 | 4 |
_aN6556.P3 _b.M38 2009 |
|
| 245 | 1 | 0 |
_aMateria y sentido _bel arte mexicano en la mirada de Octavio Paz _ctextos Octavio Paz ... [et al.] ; fotografía Manuel Álvarez Bravo ... [et al.]. |
| 260 |
_aMéxico _bINBA : Landucci _c2009 |
||
| 300 |
_a326 p. _bil. (algunas a color) _c30 cm. |
||
| 500 | _aIncluye lista de obra | ||
| 500 | _aIncluye piezas de la colección Franz Mayer: p. 214 y 316 | ||
| 600 | 1 | 4 |
_aPaz, Octavio _d1914-1998 _9563 |
| 650 | 1 | 4 |
_aArte mexicano _vExposiciones _910449 |
| 700 | 1 |
_aPaz, Octavio _9902 |
|
| 700 | 1 |
_aÁlvarez Bravo, Manuel _910450 |
|
| 942 |
_2lcc _cB |
||
| 999 |
_c3744 _d3744 |
||